Grafología : (Record no. 175136)

MARC details
000 -CABECERA
campo de control de longitud fija 00759nam a2200229 a 4500
005 - FECHA Y HORA DE LA ÚLTIMA TRANSACCIÓN
campo de control 20220906155303.0
008 - ELEMENTOS DE LONGITUD FIJA--INFORMACIÓN GENERAL
campo de control de longitud fija 150424s2011 mx r 000 0 spa d
020 ## - NÚMERO INTERNACIONAL NORMALIZADO PARA LIBROS
Número Internacional Estándar del Libro 9788425520051
035 ## - NÚMERO DE CONTROL DEL SISTEMA
Número de control de sistema UPN01000203035
049 ## - COLECCIÓN
Colección CG
050 #4 - SIGNATURA TOPOGRÁFICA DE LA BIBLIOTECA DEL CONGRESO
Número de clasificación BF895
Número de documento/Ítem M3.3
100 1# - ASIENTO PRINCIPAL--NOMBRE PERSONAL
Nombre de persona Martínez Miralpeix, Alex,
Fechas asociadas al nombre 1981-
9 (RLIN) 37161
245 10 - MENCIÓN DE TÍTULO
Título Grafología :
Resto del título el reflejo de la personalidad sobre el papel /
Mención de responsabilidad, etc. Alex Martínez Miralpeix.
260 ## - PUBLICACIÓN, DISTRIBUCIÓN, ETC.
Lugar de publicación, distribución, etc. Barcelona, Esp. :
Nombre del editor, distribuidor, etc. Hispano Europea,
Fecha de publicación, distribución, etc. 2011.
300 ## - DESCRIPCIÓN FÍSICA
Extensión 96 p. :
Otras características físicas il. +
Material acompañante/anejo 1 CD-ROM ; 4 3/4 plg.
500 ## - NOTA GENERAL
Nota general Solicita el CD-ROM en el "Mostrador de Préstamo"
650 #4 - ASIENTO SECUNDARIO DE MATERIA - TERMINO TEMATICO
Término de materia o nombre geográfico como elemento de entrada GRAFOLOGIA
9 (RLIN) 8932
650 #7 - ASIENTO SECUNDARIO DE MATERIA - TERMINO TEMATICO
Término de materia o nombre geográfico como elemento de entrada Personalidad
Subdivisión de forma Evaluación
Fuente del encabezamiento o término
9 (RLIN) 14182
905 ## - TIPO DE MATERIAL
Tipo de material Libro
Holdings
Estado de retiro Estado de pérdida Fuente del sistema de clasificación o colocación Estado dañado No para préstamo Código de colección Localización permanente Ubicación/localización actual Ubicación en estantería Total de préstamos Clasificación Código de barras Fecha visto por última vez Número de copia Tipo de ítem Koha Fecha de adquisición Precio válido a partir de Nota pública
    Library of Congress Classification     Colección General Bib. Gregorio Torres Quintero Bib. Gregorio Torres Quintero Planta baja 13 BF895 M3.3 303850 31/12/2020 1 Libro      
    Library of Congress Classification     Colección General Bib. Gregorio Torres Quintero Bib. Gregorio Torres Quintero Planta baja 11 BF895 M3.3 303851 27/08/2021 1 Libro      
    Library of Congress Classification     Materiales complementarios y otros recursos electrónicos  Bib. Gregorio Torres Quintero Bib. Gregorio Torres Quintero Mostrador de préstamo Planta baja   BF895 M3.3 339906 24/09/2024 Ej.2 Disco Compacto 24/09/2024 24/09/2024 Solicítalo en el mostrador de préstamo